000 00484nam a2200169Ia 4500
003 OSt
005 20260316084633.0
008 211028s2014 xx 000 0 und d
040 _cAIMIT LIBRARY
041 _aeng
100 _aAlva, Sushma; Kulshekar, Vanitha.
_g111810
_94347
110 _aLanwin Lobo
_94348
245 _aEnhancement of star sports application on IOS platform /
260 _aBangalore
_c2014
710 _aCallystro Infotech Pvt. Ltd.
_94349
942 _2ddc
_cPRO
999 _c217540
_d217540